000 nam a22 a 4500
999 _c162564
_d162564
003 BLK
005 20210319082550.0
008 180410b bul|||||r ||||||| ||bul||
010 _aKNG00169943000
040 _aBLK
041 _aBUL
_cBUL
080 _aЗаведения за изпълнение на наказанието. Заведения за трудова терапия - Затвори, принудителна работа, наказателни колонии, концентрационни лагери, възпитателни заведения и др.
_b343.81
_x(438)
_z343.81(438)
080 _aНационалсоциализъм
_b321.64:329.18
_z321.64:329.18
139 _aКомюнике на Полско-съветската извънредна комисия по разследване злодеянията на германците, извършени в лагера на унищожението на Майданек в град Люблин
_bК 80
245 1 0 _aКомюнике на Полско-съветската извънредна комисия по разследване злодеянията на германците, извършени в лагера на унищожението на Майданек в град Люблин
257 _aSUN
260 _aМосква
_bКнигоизд. на чужди ез.
_c1944
_9219365
300 _a32 с.
_c15 см
380 _a3
500 _aБ. тир.
650 4 _aКонцентрационни лагери, немскофашистки
_9270318
651 4 _aПолша
_9179388
653 _aконцентрационни лагери
653 _aМайданек
653 _aвоеннопленници
653 _aпрестъпления
852 _aЦб 3.155.10867
_bЦб
856 4 _qpdf
856 4 _qpdf
942 _cKNG
_n0
_s1
944 _aCR
_c22.01.2015
_kНаталия_Медовщикова
944 _aED
_c2021-03-19
_kА.М.
999 _d162564